|
|
|
|
| LEADER |
00000nam a22000007a 4500 |
| 005 |
20220901222918.0 |
| 007 |
cr|||| |||| |
| 008 |
220901s2022 es |||||s|||| 00||0 spa d |
| 020 |
|
|
|a 978-84-19045-19-5
|
| 035 |
|
|
|a 36327
|
| 040 |
|
|
|a vLex
|
| 090 |
|
|
|c 13866
|d 13866
|
| 100 |
1 |
|
|a Tiffon Nonis, Bernat-Nol︠
|
| 245 |
1 |
0 |
|a Atlas forense grf̀ico-psicomťrico
|h [Recurso electrn̤ico] :
|b Perspectivas de la psicopatologa̕ criminal y forense /
|c Bernat-Nol︠ Tiffon Nonis, Jorge Gonzl̀ez Fernǹdez
|
| 256 |
|
|
|a Servicio en ln̕ea
|
| 260 |
|
|
|a Barcelona:
|b J.M. Bosch Editor,
|c 2022
|
| 300 |
|
|
|a 1 recurso electrn̤ico
|
| 506 |
1 |
|
|a Disponible solo en los productos indicados
|d vLex Global
|d vLex Global (Academic Edition, excluding Law Schools)
|d vLex Global (U.S. Academic Edition, Law Schools)
|d vLex Global (U.S. Academic Edition, excluding Law Schools)
|d vLex Global (Academic Edition, Law Schools)
|
| 650 |
0 |
4 |
|a Derecho Penal
|z Espaą
|
| 650 |
0 |
4 |
|a Derecho Procesal
|z Espaą
|
| 700 |
1 |
|
|a Gonzl̀ez Fernǹdez, Jorge
|
| 740 |
0 |
|
|a vLex Libros (Servicio en ln̕ea)
|
| 856 |
4 |
0 |
|u https://app.vlex.com/#/sources/36327
|z Acceso restringido
|
| 942 |
|
|
|c BOOK
|
| 999 |
0 |
|
|a Criminal Law
|
| 999 |
0 |
|
|a Procedural Law
|